000 00495nam a2200181 i 4500
001 bg
100 1 _aSTERNBERG, P.
245 0 _aRegelsysteme :
_bWärmeversorgung /
_cP. Sternberg, H. Riedel, H. Beyer.
260 _aBerlin :
_bVEB Verl.,
_c1971.
490 1 _aFachbuchreihe. HLS-Technik ;
_vBd.3
700 1 _aRIEDEL, H.
700 1 _aBeyer, Hans.
830 _aFachbuchreihe. HLS-Technik ;
040 _cBPK
041 _apol
942 _cKS
008 s pl f |000 0 pol
999 _c27088
_d27088
856 _uhttp://koha.tu.koszalin.pl/cgi-bin/koha/opac-detail.pl?biblionumber=27088
_yKatalog online BPK